000 00742nam a2200229Ia 4500
001 5413
003 GE_BSU
008 181216s||||||||xx |||||||||||||| ||und||
040 _cGE_BSU
080 _a510
100 _aДорф П.Я., Румер А.О
245 _aИзмерения на местности.
245 _bперери доп. Акад. педагог. наук РФСР. Ин-ут методов обучения
250 _aизд. 2-ое,
260 _aМосква
260 _bАкад. пед. наук РФСР
260 _c1957
300 _a430 с.22см.
300 _e(Педагогичесая Биб-ка учителя
653 _aИзмерения на местности.
942 _cBK
999 _c38961
_d38961